|
|
|
|
| LEADER |
00000nam0a2200000 4500 |
| 001 |
267225 |
| 005 |
20231101234051.0 |
| 020 |
|
|
|a RU
|b 87-1423ж
|
| 035 |
|
|
|a (RuTPU)RU\TPU\book\290281
|
| 090 |
|
|
|a 267225
|
| 100 |
|
|
|a 20140724d1986 k y0rusy5003 ca
|
| 101 |
0 |
|
|a rus
|
| 102 |
|
|
|a RU
|
| 105 |
|
|
|a a z 001zy
|
| 200 |
1 |
|
|a Исследования, расчеты и прогнозы ледовых явлений на реках и водохранилищах
|f СССР, Государственный комитет по гидрометеорологии и контролю природной среды (Госкомгидромет СССР) ; Государственный гидрологический институт (ГГИ) ; под ред. Р. В . Донченко
|
| 210 |
|
|
|a Ленинград
|c Гидрометеоиздат
|d 1986
|
| 215 |
|
|
|a 96 с.
|c ил.
|d 21 см
|
| 225 |
1 |
|
|a Труды Государственного гидрологического института
|v Вып. 323
|
| 320 |
|
|
|a Библиогр. в конце ст.
|
| 606 |
1 |
|
|a Реки
|x Ледовый режим
|x (гидрология)
|2 stltpush
|3 (RuTPU)RU\TPU\subj\24840
|9 49118
|
| 606 |
1 |
|
|a Водохранилища
|x Ледовый режим
|2 stltpush
|3 (RuTPU)RU\TPU\subj\3107
|9 31566
|
| 610 |
1 |
|
|a ледяной покров
|
| 610 |
1 |
|
|a ледовые явления
|
| 610 |
1 |
|
|a исследования
|
| 610 |
1 |
|
|a расчет
|
| 610 |
1 |
|
|a прогноз
|
| 610 |
1 |
|
|a заторы
|
| 610 |
1 |
|
|a прорывы
|
| 610 |
1 |
|
|a стоки
|
| 610 |
1 |
|
|a регулирование
|
| 610 |
1 |
|
|a снежный покров
|
| 610 |
1 |
|
|a лед
|
| 610 |
1 |
|
|a толщина
|
| 610 |
1 |
|
|a изменение
|
| 675 |
|
|
|a 556.535.5
|z rus
|v 3
|
| 675 |
|
|
|a 556.555
|z rus
|v 3
|
| 702 |
|
1 |
|a Донченко
|b Р. В .
|4 340
|
| 712 |
0 |
1 |
|a СССР
|b Государственный комитет по гидрометеорологии и контролю природной среды (Госкомгидромет СССР)
|c (Москва)
|c (1978-1991)
|2 stltpush
|3 (RuTPU)RU\TPU\col\11538
|
| 712 |
0 |
2 |
|a Государственный гидрологический институт (ГГИ)
|c (Санкт-Петербург)
|2 stltpush
|3 (RuTPU)RU\TPU\col\7764
|
| 801 |
|
0 |
|a RU
|b RuMRKP
|c 19950417
|g psbo
|
| 801 |
|
1 |
|a RU
|b 63413507
|c 20140724
|
| 801 |
|
2 |
|a RU
|b 63413507
|c 20151109
|g RCR
|
| 942 |
|
|
|c BK
|